Vicente Fuentes /
Gorde:
| Egile nagusia: | |
|---|---|
| Formatua: | Liburua |
| Hizkuntza: | gaztelania |
| Saila: | (Letras Venezolanas ;
1) |
| Gaiak: | |
| Etiketak: |
Etiketarik gabe, Izan zaitez lehena erregistro honi etiketa jartzen!
|
MARC
| LEADER | 00000nam^a2200000^a^4500 | ||
|---|---|---|---|
| 001 | 000153919 | ||
| 005 | 20250521000000.0 | ||
| 009 | 20260310100336.726 | ||
| 037 | |a Acervo ITESO - Biblioteca | ||
| 041 | |a ESP | ||
| 082 | |a 860. 987063 |b PAZ | ||
| 100 | |a Paz-Castillo, Fernando |e (autor) | ||
| 245 | 1 | 0 | |a Vicente Fuentes / |c F. Paz-Castillo. |
| 264 | |a Caracas, Venezuela : |b Ministerio de Educación, Dirección de Cultura y Bellas Artes, |c 1956 | ||
| 300 | |a 38 p. | ||
| 336 | |a texto |b txt |2 rdacontenido | ||
| 337 | |a sin mediación |b n |2 rdamedio | ||
| 338 | |a volumen |b nc |2 rdasoporte | ||
| 440 | 1 | |a (Letras Venezolanas ; |v 1) | |
| 649 | |a XX | ||
| 650 | |a Escritores Venezolanos | ||
| 650 | |a Poesía Venezolana - |x Historia y Crítica | ||
| 650 | |a Literatura Venezolana - |x Historia y Crítica | ||
| 650 | |a Literatura Venezolana - |y Siglo XX | ||
| 650 | |a Fuentes, Vicente | ||
| 910 | |a Fondo Salvador Reynoso Reynoso | ||
| 920 | |a Impresos - Libros | ||
| 930 | |a Fondos Especiales | ||
| 940 | |a Literatura | ||
| 905 | |a 112 | ||
| 901 | |a 0800016129 |b IT2 |c ESP |u 20250521 | ||
| 902 | |a https://opac.biblio.iteso.mx/vufind/Record/000153919 | ||